000 00421nam a2200169Ia 4500
008 180207s9999 xx 000 0 und d
020 _a9780440408291
050 _bS755 2014
100 _aSpier, Peter
245 4 _aThe fox went out on a chilly night /
245 _cPeter Spier.
260 _aNew York :
260 _bDragonfly Books,
260 _c2014
300 _aunpaged :
300 _bcolor illustration ;
999 _c355297
_d355297